00447nam a22001457a 4500020001500000040000900015082001300024100001900037245004500056260004100101650002700142942001200169999001900181952010100200 a8176482536 cNUST a004bBAN aBansal, S. K.  aInformation Technology and Globalisation aNew Delhi:bA.P.H. Pub. Corp,c2002. aInformation technology 2ddccBK c611006d611006 00102ddc4070aCEMEbCEMEcGENd2024-08-20l0o004 BANpCEME-36349r2024-08-20w2024-08-20yBK